[Event "Oslo Vederhus Memorial op B"]
[Site "Oslo"]
[Date "2013.09.29"]
[Round "7"]
[White "Huse, Sigurd Kjelsbol"]
[Black "Khachatourian, Yerazik"]
[Result "0-1"]
[WhiteElo "1753"]
[BlackElo "1972"]
[PlyCount "138"]
[EventDate "2013.09.29"]
[EventType "swiss"]
[EventRounds "9"]
[EventCountry "NOR"]
[SourceTitle "EXT 2024"]
[Source "ChessBase"]
[SourceDate "2023.10.10"]
[SourceVersion "1"]
[SourceVersionDate "2023.10.10"]
[SourceQuality "1"]

1. e4 e5 2. Nf3 Nf6 3. Nxe5 d6 4. Nf3 Nxe4 5. Bc4 d5 6. Bb3 c6 7. 0-0 Be7 8. Nc3 Nc5 9. d4 Nxb3 10. axb3 Bf5 11. Re1 0-0 12. Qe2 Bf6 13. h3 h6 14. Bf4 Na6 15. Ra4 Re8 16. Qd2 Rxe1+ 17. Nxe1 Nc7 18. Nf3 b5 19. Ra1 Ne6 20. Be5 Bxe5 21. Nxe5 Qb6 22. Rd1 Re8 23. Nf3 Rd8 24. Ne2 Be4 25. c3 Bxf3 26. gxf3 Ng5 27. Kg2 Re8 28. h4 Ne6 29. b4 a5 30. bxa5 Qxa5 31. Rg1 Qd8 32. Rh1 Qf6 33. Rh3 Rd8 34. Kh2 Ra8 35. Kg2 Qg6+ 36. Ng3 Qf6 37. Ne2 Qf5 38. b4 Qb1 39. f4 Ra2 40. Qd3 Qxd3 41. Rxd3 Rxe2 42. Kf3 Re4 43. f5 Rf4+ 44. Kg3 Rxf5 45. Re3 Kf8 46. Kg4 Rf4+ 47. Kg3 Re4 48. Rxe4 dxe4 49. h5 f5 50. Kh4 Ke7 51. Kg3 Kd6 52. Kh4 Kd5 53. Kg3 Kc4 54. Kh4 Kxc3 55. Kg3 Kxd4 56. Kg2 f4 57. Kh3 e3 58. fxe3+ fxe3 59. Kg2 Kd3 60. Kf3 e2 61. Kf2 Nd4 62. Ke1 c5 63. Kf2 c4 64. Ke1 c3 65. Kf2 c2 66. Ke1 c1Q+ 67. Kf2 Qf1+ 68. Kg3 e1Q+ 69. Kg4 Qf5# 0-1

[Event "Oslo Vederhus Memorial op B"]
[Site "Oslo"]
[Date "2013.09.29"]
[Round "2"]
[White "Khachatourian, Yerazik"]
[Black "Johansen, Torbjorn Reidar"]
[Result "0-1"]
[WhiteElo "1972"]
[BlackElo "1855"]
[PlyCount "63"]
[EventDate "2013.09.29"]
[EventType "swiss"]
[EventRounds "9"]
[EventCountry "NOR"]
[SourceTitle "EXT 2024"]
[Source "ChessBase"]
[SourceDate "2023.10.10"]
[SourceVersion "1"]
[SourceVersionDate "2023.10.10"]
[SourceQuality "1"]

1. e4 e5 2. Bc4 Nf6 3. d3 h6 4. f4 d6 5. Nf3 Bg4 6. fxe5 Bxf3 7. Qxf3 dxe5 8. Be3 Nbd7 9. Nd2 c6 10. a3 g5 11. 0-0 Bg7 12. Qf5 Qe7 13. Rad1 0-0 14. Nf3 Ne8 15. d4 Nd6 16. Qg4 Nxc4 17. Bxg5 Qe6 18. Qg3 hxg5 19. Nxg5 Qg6 20. h4 exd4 21. Rd3 Be5 22. Qh3 Nc5 23. Rf5 Nxd3 24. cxd3 Ne3 25. Rxe5 f6 26. Re6 Qh5 27. Nf3 Rac8 28. Rd6 Rcd8 29. Qe6+ Qf7 30. Nxd4 Qxe6 31. Rxe6 Rxd4 32. Kf2 0-1